[Event "Regionalliga NO 9697"]
[Site "Bayern"]
[Date "1997.??.??"]
[Round "?"]
[White "Bartha, Sandor"]
[Black "Meister, Thomas"]
[Result "1-0"]
[WhiteElo "2265"]
[BlackElo "2015"]
[PlyCount "85"]
[EventDate "1996.10.??"]
[EventType "team-tourn"]
[EventRounds "9"]
[EventCountry "GER"]
[SourceTitle "EXT 1999"]
[Source "ChessBase"]
[SourceDate "1998.11.16"]
[SourceVersion "1"]
[SourceVersionDate "1998.11.16"]
[SourceQuality "1"]
[WhiteTeam "Koetzting"]
[BlackTeam "Nuernberg Grundig SC"]
[WhiteTeamCountry "GER"]
[BlackTeamCountry "GER"]

1. d4 d5 2. Nf3 Nf6 3. Bg5 Ne4 4. Bh4 h6 5. e3 g5 6. Bg3 Bg7 7. Nbd2 Bg4 8. Be2 Nxg3 9. hxg3 Nd7 10. c4 dxc4 11. Bxc4 0-0 12. Qc2 c6 13. Nxg5 Nf6 14. Ngf3 e6 15. Nh4 Qd6 16. a3 c5 17. Ne4 Nxe4 18. Qxe4 Bf5 19. Nxf5 exf5 20. Qxf5 cxd4 21. Bd3 Rfe8 22. e4 Rac8 23. 0-0 Rc5 24. Qf3 Qb6 25. Rab1 Rec8 26. Rfe1 Qc6 27. Qd1 Qb6 28. f4 Rc2 29. b3 R2c3 30. Kh2 Qg6 31. Qf3 Qb6 32. e5 Qc5 33. Qe4 Re8 34. Red1 b6 35. a4 a5 36. Bc4 Rd8 37. Rd2 Re3 38. Qf5 Qe7 39. Rbd1 d3 40. Rxd3 Rexd3 41. Rxd3 Rxd3 42. Qxd3 Qc7 43. Qf5 1-0

[Event "Regionalliga NO 9697"]
[Site "Bayern"]
[Date "1996.??.??"]
[Round "?"]
[White "Fischer, Gerd"]
[Black "Meister, Thomas"]
[Result "1-0"]
[WhiteElo "2080"]
[BlackElo "2015"]
[PlyCount "95"]
[EventDate "1996.10.??"]
[EventType "team-tourn"]
[EventRounds "9"]
[EventCountry "GER"]
[SourceTitle "EXT 1999"]
[Source "ChessBase"]
[SourceDate "1998.11.16"]
[SourceVersion "1"]
[SourceVersionDate "1998.11.16"]
[SourceQuality "1"]
[WhiteTeam "Gunzenhausen"]
[BlackTeam "Nuernberg Grundig SC"]
[WhiteTeamCountry "GER"]
[BlackTeamCountry "GER"]

1. e4 e5 2. Nf3 Nc6 3. Bb5 a6 4. Ba4 Nf6 5. 0-0 Nxe4 6. Re1 Nc5 7. Bxc6 dxc6 8. d4 Ne6 9. dxe5 Qxd1 10. Rxd1 Bc5 11. Nc3 h6 12. Ne4 Ba7 13. h3 Bd7 14. Bd2 0-0-0 15. Ng3 Nd4 16. c3 Nxf3+ 17. gxf3 Bxh3 18. Be3 Bxe3 19. fxe3 Be6 20. b3 g6 21. Kf2 h5 22. Ne4 b6 23. Ng5 Rhe8 24. e4 Re7 25. Rxd8+ Kxd8 26. Rd1+ Ke8 27. Nh7 f5 28. Nf6+ Kf7 29. Rd8 fxe4 30. Nxe4 Rd7 31. Ng5+ Ke7 32. Rh8 Bf5 33. Ke2 c5 34. Rh7+ Kf8 35. Rh8+ Kg7 36. Re8 h4 37. e6 Bxe6 38. Rxe6 Rd5 39. f4 c4 40. Re7+ Kf8 41. Rxc7 cxb3 42. axb3 Rb5 43. b4 a5 44. bxa5 Rxa5 45. Rh7 Ra3 46. Kd3 b5 47. Rb7 Ra4 48. Rxb5 1-0

[Event "Oberliga Bayern 9394"]
[Site "Bayern"]
[Date "1994.05.08"]
[Round "9.8"]
[White "Epding, Olaf"]
[Black "Meister, Thomas"]
[Result "1-0"]
[WhiteElo "2075"]
[BlackElo "2025"]
[PlyCount "47"]
[EventDate "1993.10.10"]
[EventType "team-tourn"]
[EventRounds "9"]
[EventCountry "GER"]
[SourceTitle "EXT 2020"]
[Source "ChessBase"]
[SourceDate "2019.10.17"]
[SourceVersion "1"]
[SourceVersionDate "2019.10.17"]
[SourceQuality "1"]
[WhiteTeam "Muenchen Siemens"]
[BlackTeam "Nuernberg Grundig SC"]
[WhiteTeamCountry "GER"]
[BlackTeamCountry "GER"]

1. e4 e5 2. Nf3 Nc6 3. Bb5 a6 4. Ba4 Nf6 5. 0-0 Nxe4 6. d4 b5 7. Bb3 d5 8. dxe5 Be6 9. Nbd2 Nc5 10. c3 d4 11. Bxe6 Nxe6 12. cxd4 Ncxd4 13. Nxd4 Nxd4 14. Nf3 Bc5 15. Be3 Nxf3+ 16. Qxf3 Bxe3 17. Qc6+ Ke7 18. fxe3 Qc8 19. Rf4 Rf8 20. Rd1 Rb8 21. Rfd4 Re8 22. Qc5+ Ke6 23. Rf4 Qb7 24. Rd6+ 1-0

[Event "Oberliga Bayern 9394"]
[Site "Bayern"]
[Date "1994.03.20"]
[Round "7.8"]
[White "Kampmann, Lutz"]
[Black "Meister, Thomas"]
[Result "1-0"]
[WhiteElo "2075"]
[BlackElo "2025"]
[PlyCount "75"]
[EventDate "1993.10.10"]
[EventType "team-tourn"]
[EventRounds "9"]
[EventCountry "GER"]
[SourceTitle "EXT 2020"]
[Source "ChessBase"]
[SourceDate "2019.10.17"]
[SourceVersion "1"]
[SourceVersionDate "2019.10.17"]
[SourceQuality "1"]
[WhiteTeam "Regensburg DJK"]
[BlackTeam "Nuernberg Grundig SC"]
[WhiteTeamCountry "GER"]
[BlackTeamCountry "GER"]

1. d4 d5 2. c4 c6 3. Nc3 Nf6 4. Nf3 e6 5. e3 Nbd7 6. Bd3 dxc4 7. Bxc4 b5 8. Bd3 Bb7 9. 0-0 b4 10. Ne4 c5 11. Nxf6+ gxf6 12. dxc5 Bxc5 13. Bb5 Qc7 14. Bd2 Rd8 15. Qa4 Rg8 16. Kh1 Qd6 17. Rad1 Bxf3 18. gxf3 Qe7 19. Bxb4 Bxb4 20. Rxd7 Rxd7 21. Bxd7+ Qxd7 22. Qxb4 Qc7 23. Rd1 Rg5 24. f4 Rc5 25. b3 Rc2 26. Qa4+ Ke7 27. Kg2 e5 28. fxe5 fxe5 29. Qh4+ Ke6 30. Qh6+ Ke7 31. Qxh7 Rxa2 32. Qh4+ Ke8 33. Qe4 Rc2 34. Rd5 f6 35. Qg6+ Ke7 36. Qg7+ Ke6 37. Qg8+ Kf5 38. Kg3 1-0

[Event "Oberliga Bayern 9394"]
[Site "Bayern"]
[Date "1993.11.07"]
[Round "2.8"]
[White "Kreuzer, Helmut"]
[Black "Meister, Thomas"]
[Result "1/2-1/2"]
[WhiteElo "2105"]
[BlackElo "2025"]
[PlyCount "56"]
[EventDate "1993.10.10"]
[EventType "team-tourn"]
[EventRounds "9"]
[EventCountry "GER"]
[SourceTitle "EXT 2020"]
[Source "ChessBase"]
[SourceDate "2019.10.17"]
[SourceVersion "1"]
[SourceVersionDate "2019.10.17"]
[SourceQuality "1"]
[WhiteTeam "Kelheim SC"]
[BlackTeam "Nuernberg Grundig SC"]
[WhiteTeamCountry "GER"]
[BlackTeamCountry "GER"]

1. d4 d5 2. c4 c6 3. Nf3 Nf6 4. Nc3 e6 5. cxd5 exd5 6. Bg5 Be7 7. Qc2 Bg4 8. e3 Bh5 9. Bd3 Bg6 10. Bxg6 hxg6 11. Ne5 Nbd7 12. Nxd7 Qxd7 13. Qe2 Qf5 14. Bxf6 Bxf6 15. a3 Kf8 16. Qf3 Qxf3 17. gxf3 Ke7 18. Kf1 b5 19. a4 b4 20. Ne2 Rac8 21. Nf4 a5 22. Nd3 Rh5 23. Rc1 Kd6 24. Rc5 Bd8 25. Rc2 Bb6 26. Nc5 Rch8 27. Kg2 Rg5+ 28. Kf1 Rgh5 1/2-1/2